Joseph's Coat - Statistics

General Stats
  • This quiz has been taken 37 times
  • The average score is 24 of 29
Answer Stats
letter colour % Correct
g Green
96%
r Red
96%
y Yellow
96%
b Brown
93%
V Violet
93%
b Black
89%
B Blue
89%
R Ruby
89%
s Scarlet
89%
C Crimson
85%
G Gold
85%
o Ochre
85%
O Olive
85%
O Orange
85%
P Pink
85%
S Silver
85%
W White
85%
M Mauve
81%
p Peach
81%
P Purple
81%
F Fawn
78%
G Grey
78%
L Lilac
78%
R Russet
78%
A Azure
74%
R Rose
74%
C Cream
70%
L Lemon
70%
C Chocolate
67%
No matching quizzes found
Score Distribution
Percent of People with Each Score
Percentile by Number Answered
Your Score History
You have not taken this quiz